Power quotes

Bibliographic Details
Main Author: Baker, Daniel B
Format: Book
Published: Detroit : Visible Ink , 1992
Subjects:

MARC

LEADER 00000cam a2200000 7i4500
001 0000000023
002 000000031
005 20000330.0
020 |a 0810394162 
090 0 0 |a 080   |b BAK 
100 1 |a Baker, Daniel B 
245 1 0 |a Power quotes   |c Daniel B. Baker 
260 |a Detroit :   |b Visible Ink ,   |c 1992 
300 |a 387p. ;   |c 23cm. 
650 0 0 |a Quotations 
740 0 |a Power quotes 
999 |a 027822   |b BUKU   |c PINJAMAN   |e PERPUSTAKAAN KOMUNITI PETALING JAYA 
999 |a 028032   |b BUKU   |c PINJAMAN   |e PERPUSTAKAAN KOMUNITI PETALING JAYA